• 首页
  • 本馆介绍
  • 公告通知
  • 最新文献
  • 馆藏检索
  • 电子资源
  • 读者导购
  • 参考咨询
  • 我的图书馆
  • 登录
  • 详细信息显示
  • 放入我的书架
  • 预约/预借图书
  • 作者相关作品
  • 分类相关作品
  • 丛书相关作品
  • 出版社相关作品

书目信息

  • 表格格式
  • 工作单格式
  • 卡片格式
书名: Read and speak
作者: by V.V. Vahmistrov & S.D. Lesco.
分册号:
分册名:
出版地: Mockba :
 
出版社: [s.n.]
出版时间: 1979.
页数: 299 p.
开本:
丛书名:
中图分类号:
科图分类号:
其他分类号: H31
主题词:
电子资源:
000 00474nam 2200181 a 4500
001 E0761525940
005 20070224171828.67
008 040524s1979 rur 000 0 eng d
040    @aNUL@cNUL
090    @aJ688/W15
090    @aH31
099    @dH31@ex167
245 00 @aRead and speak :@bissue 15 / @cby V.V. Vahmistrov & S.D. Lesco.
260    @aMockba :@b[s.n.],@c1979.
300    @a299 p.
700 1  @aVahmistrov, V.V..
700 1  @aLesco, S.D.
920    @a232010@z2
    
    Read and speak : : issue 15 / / by V.V. Vahmistrov & S.D. Lesco.-Mockba : : [s.n.], , 1979.
    299 p.
    
    
    ISBN
    
●
相关链接 在E读中查询图书 在五车中查询图书 在当当中查询图书 在豆瓣中查询图书


正题名:Read and speak     索取号:H31/x167         预约/预借

序号 登录号 条形码 馆藏地/架位号 状态 备注
1 49883   001306492   第四借阅区/ [索取号:H31/x167] 在馆    
2 49884   001306456   第四借阅区/ [索取号:H31/x167] 在馆    
3 49885   001306535   第四借阅区/ [索取号:H31/x167] 在馆    
唐山师范学院图书馆 欢迎您!
大连网信软件有限公司© 版权所有